| 000 | 03165nam0a2200493 4500 | ||
|---|---|---|---|
| 001 | RU\NLR\BIBL_A\012717641 | ||
| 005 | 20251121161328.0 | ||
| 010 |
_a978-5-0054-0187-8 _91500 |
||
| 021 |
_aRU _bКН-П-21-071505 _9КН-П-21-5668 |
||
| 035 | _a(NLR Aleph) 012717641 | ||
| 035 | _a(RuMoRGB)010839164 | ||
| 090 |
_a12930384 _c12930384 |
||
| 100 | _a20220228d2022 u y0rusy50 ca | ||
| 101 | 0 | _arus | |
| 102 | _aRU | ||
| 105 | _aa j 000zy | ||
| 181 | 0 |
_ai3 _baxxe |
|
| 182 | 0 | _an | |
| 200 | 1 |
_aФизическая защита информации в объектах информационной инфраструктуры _eучебник _eдля студентов, обучающихся по специальностям укрупненной группы профессий, специальностей среднего профессионального образования "Информационная безопасность" _fВ. Н. Пржегорлинский, А. А. Бубнов, К. Ю. Фомина _gпод редакцией В. Н. Пржегорлинского |
|
| 203 |
_aТекст _bвизуальный _cнепосредственный |
||
| 210 |
_aМосква _cАкадемия _d2022 [т. е. 2021] |
||
| 215 |
_a187, [1] с. _cил., цв. ил., табл. _d22 |
||
| 225 | 1 | _aПрофессиональное образование | |
| 225 | 1 | _aТОП 50 | |
| 300 | _aФактическая дата выхода в свет - 2021 | ||
| 320 | _aБиблиогр.: с. 185 (13 назв.) | ||
| 333 | _a12+ | ||
| 606 | 1 |
_aИнформационная инфраструктура _jУчебники для среднего профессионального образования _xЗащита информации _92534836 _3RU\NLR\AUTH\6601714809 |
|
| 606 | 1 |
_aОхранная сигнализация _jУчебники для среднего профессионального образования _92226695 _3RU\NLR\AUTH\661336699 |
|
| 606 | 1 |
_aСистемы контроля и управления доступом _jУчебники для среднего профессионального образования _92216891 _3RU\NLR\AUTH\6601564860 |
|
| 606 | 1 |
_aПожарная сигнализация _jУчебники для среднего профессионального образования _91132843 _3RU\NLR\AUTH\66450068 |
|
| 675 |
_a004.056 _v4 |
||
| 686 |
_aЗ973.233-021.3я723-1 _2rubbk |
||
| 686 |
_aЗ885я73-1 _2rubbk |
||
| 686 | 1 | _aЗ973.233.02-018-07я73-1 | |
| 686 | 1 | _aЗ885.24-5я73-1 | |
| 686 | 1 | _aН960.2-571я73-1 | |
| 700 | 1 |
_aПржегорлинский _bВ. Н. _gВиктор Николаевич |
|
| 701 | 1 |
_aБубнов _bА. А. _cканд. физ.-мат. наук _gАлексей Алексеевич _9179966 _3RU\NLR\AUTH\770180017 |
|
| 701 | 1 |
_aФомина _bК. Ю. _cспециалист по информац. безопасности _gКсения Юрьевна _9212886 _3RU\NLR\AUTH\770212942 |
|
| 942 | _cBOOK | ||
| 980 | _aNB | ||